Plus grande ville sur les plus grands fleuves du monde - Statistiques

Statistiques générales
  • Ce quiz a été pris 117 fois
  • Le résultat moyen est 6 sur 18
Statistiques - réponses
Cours d'eau Pop. Ville % Correct
Nil 24.4 Mio Le Caire
99%
Congo 12.6 Mio Kinshasa
75%
Yangtsé 24.9 Mio Shanghai
75%
Saint-Laurent 4.4 Mio Montréal
70%
Danube 3.3 Mio Budapest
60%
Amazone 2.6 Mio Manaus
48%
Niger 4.3 Mio Bamako
22%
Volga 2.1 Mio Nijni Novgorod
21%
Rio Grande 2.5 Mio El Paso - C.Juarez
20%
Mékong 3.3 Mio Phnom Penh
18%
Paraná 1.3 Mio Rosario
16%
Ob/Irtych 2.1 Mio Novossibirsk
13%
Euphrate 3.8 Mio Bassorah
12%
Mississippi 4.0 Mio Minneapolis
12%
Brahmapoutre 1.0 Mio Guwahati
9%
Indus 3.2 Mio Hyderâbâd
7%
Ienisseï/Angara 1.3 Mio Krasnoïarsk
3%
Fleuve Jaune 5.8 Mio Zhengzhou
1%
Aucun quiz correspondant
Distribution des résultats
% des personnes avec chaque résultat
Percentile par nombre de réponses
Votre historique - résultats
Vous n’avez pas pris ce quiz